Doctor Who Companions - Statistics

General Stats
  • This quiz has been taken 271 times
    161 since last reset
  • The average score is 49 of 108
Answer Stats
Writer % Correct
Rose Tyler
93%
Donna Noble
90%
Amy Pond
89%
Bill Potts
88%
Clara Oswald
88%
Mickey Smith
87%
Rory Williams
87%
Jack Harkness
84%
Martha Jones
84%
Sarah Jane Smith
84%
River Song
83%
Susan Foreman
80%
Jo Grant
79%
Chang Lee
78%
Ian Chesterton
75%
Ruby Sunday
74%
Ace
73%
Barbara Wright
70%
Yasmin Khan
70%
Adric
66%
Billie Piper
66%
Nardole
66%
Tegan Jovanka
64%
Adam Mitchell
63%
Peri Brown
63%
Romana
63%
Wilfred Mott
63%
Melanie Bush
62%
Catherine Tate
61%
Graham O'Brien
61%
Jamie McCrimmon
61%
Alistair Gordon Lethbridge-Stewart
58%
Dan Lewis
57%
Michelle Ryan
57%
Ryan Sinclair
57%
Astrid Peth
56%
Ben Jackson
56%
K9
56%
Karen Gillan
56%
Polly Wright
56%
Harry Sullivan
55%
John Barrowman
55%
Liz Shaw
55%
Caroline John
54%
Jenna Coleman
54%
Leela
53%
Freema Agyeman
52%
Arthur Darvill
51%
Grace Holloway
51%
Nyssa
51%
Alex Kingston
49%
Steven Taylor
49%
Victoria Waterfield
49%
Brian Williams
48%
Kylie Minogue
48%
Vicki Pallister
47%
Dodo Chaplet
46%
Elisabeth Sladen
46%
Belinda Chandra
45%
Zoe Heriot
45%
Vislor Turlough
44%
Bernard Cribbins
42%
Christina de Souza
42%
Matt Lucas
42%
Bradley Walsh
40%
Kamelion
40%
Millie Gibson
40%
Katarina
39%
Mandip Gill
34%
Noel Clarke
34%
Pearl Mackie
33%
Tosin Cole
33%
John Benton
31%
Mark Williams
31%
John Bishop
30%
Bonnie Langford
29%
Carole Ann Ford
27%
Matthew Waterhouse
26%
Sophie Aldred
26%
Lalla Ward
25%
Katy Manning
24%
William Russell
22%
Nicola Bryant
21%
Varada Sethu
20%
Frazer Hines
19%
Janet Fielding
19%
Nicholas Courtney
19%
John Leeson
17%
Sarah Sutton
17%
Jacqueline Hill
16%
Mary Tamm
16%
Peter Purves
16%
Anneke Wills
13%
Deborah Watling
13%
Bruno Langley
12%
Louise Jameson
12%
Wendy Padbury
12%
Maureen O'Brien
11%
Adrienne Hill
10%
Daphne Ashbrook
10%
John Levene
10%
Michael Craze
10%
Mark Strickson
9%
Ian Marter
8%
Jackie Lane
8%
David Brierley
6%
Yee Jee Tso
4%
Gerald Flood
3%
No matching quizzes found
Score Distribution
Percent of People with Each Score
Percentile by Number Answered
Your Score History
You have not taken this quiz since the last reset